| 000 | 00657nam a2200169 a 4500 | ||
|---|---|---|---|
| 001 | 000034077 | ||
| 005 | 20200930070743.0 | ||
| 008 | 110923s1982 dr abc 000 0 spa d | ||
| 040 |
_aDO-SdBNP _bspa _cBNPHU |
||
| 100 | 1 |
_aForestieri Sanabia, Rolando, _d1944- _959505 |
|
| 245 | 1 | 0 |
_aPersonajes universales de la cultura Italiana / _cRolando Forestieri Sanabia ; prólogo Julio E. Ravelo de la Fuente. |
| 260 |
_aSanto Domingo : _bAlfa y Omega, _c1982. |
||
| 300 |
_av. : _bil., retrs. ; _c23 cm. |
||
| 500 | _aIncluye datos biográficos del autor en la solapa | ||
| 500 | _aLa biblioteca posee el v. 1 | ||
| 700 | 1 |
_aRavelo de la Fuente, Julio E. _epról. _959506 |
|
| 999 |
_c33568 _d33568 |
||